Obce v Libereckém kraji - Statistics

General Stats
  • This quiz has been taken 45 times
  • The average score is 56 of 215
Answer Stats
Obec Počet obyvatel % Correct
Liberec 104 261
97%
Jablonec nad Nisou 45 317
93%
Česká Lípa 37 361
90%
Turnov 14 391
90%
Semily 8 311
86%
Frýdlant 7 478
79%
Hrádek nad Nisou 7 744
79%
Tanvald 6 146
79%
Doksy 5 178
72%
Nový Bor 11 582
72%
Chrastava 6 279
69%
Harrachov 1 335
69%
Železný Brod 6 011
69%
Mimoň 6 369
66%
Desná 3 112
62%
Hodkovice nad Mohelkou 2 967
62%
Smržovka 3 751
62%
Český Dub 2 802
59%
Jablonné v Podještědí 3 653
59%
Ralsko 2 119
59%
Hejnice 2 730
55%
Jilemnice 5 417
55%
Stráž pod Ralskem 3 899
55%
Cvikov 4 503
52%
Malá Skála 1 201
52%
Nové Město pod Smrkem 3 704
52%
Velké Hamry 2 694
52%
Kamenický Šenov 3 918
48%
Raspenava 2 837
48%
Rokytnice nad Jizerou 2 601
48%
Bedřichov 360
45%
Bílý Kostel nad Nisou 1 049
45%
Janov nad Nisou 1 475
45%
Lomnice nad Popelkou 5 524
45%
Stráž nad Nisou 2 394
45%
Kryštofovo Údolí 391
41%
Lučany nad Nisou 1 904
41%
Mníšek 1 662
41%
Osečná 1 176
41%
Plavy 1 053
41%
Rychnov u Jablonce nad Nisou 2 785
41%
Zahrádky 710
41%
Zákupy 2 845
41%
Hamr na Jezeře 434
38%
Jindřichovice pod Smrkem 638
38%
Rovensko pod Troskami 1 291
38%
Hrubá Skála 611
34%
Rynoltice 800
34%
Světlá pod Ještědem 966
34%
Svijany 358
34%
Sychrov 231
34%
Žandov 1 888
34%
Bozkov 588
31%
Dubá 1 702
31%
Jablonec nad Jizerou 1 601
31%
Jestřebí 827
31%
Kořenov 894
31%
Košťálov 1 648
31%
Nová Ves 881
31%
Noviny pod Ralskem 309
31%
Oldřichov v Hájích 793
31%
Šimonovice 1 357
31%
Sloup v Čechách 721
31%
Vysoké nad Jizerou 1 289
31%
Bílý Potok 704
28%
Jeřmanice 569
28%
Josefův Důl 892
28%
Křižany 854
28%
Lázně Libverda 430
28%
Pěnčín 2 040 | 709
28%
Příšovice 1 283
28%
Svor 646
28%
Troskovice 87
28%
Albrechtice v Jizerských horách 350
24%
Benecko 1 104
24%
Krompach 168
24%
Ktová 201
24%
Líšný 269
24%
Mařenice 323
24%
Poniklá 1 089
24%
Přepeře 962
24%
Rádlo 947
24%
Sosnová 709
24%
Bělá 275
21%
Bezděz 353
21%
Brniště 1 370
21%
Chuchelna 1 001
21%
Držkov 586
21%
Dubnice 650
21%
Horní Branná 1 897
21%
Horní Police 691
21%
Jenišovice 1 237
21%
Karlovice 788
21%
Libštát 954
21%
Mírová pod Kozákovem 1 786
21%
Ohrazenice 1 126
21%
Pertoltice 299
21%
Proseč pod Ještědem 398
21%
Studenec 1 898
21%
Stvolínky 323
21%
Svijanský Újezd 454
21%
Tatobity 589
21%
Višňová 1 331
21%
Vítkovice 380
21%
Vyskeř 407
21%
Zásada 902
21%
Benešov u Semil 846
17%
Bílá 973
17%
Blíževedly 605
17%
Černousy 316
17%
Dlouhý Most 916
17%
Dolní Řasnice 532
17%
Habartice 504
17%
Heřmanice 277
17%
Holany 517
17%
Horní Libchava 809
17%
Horní Řasnice 239
17%
Jesenný 479
17%
Koberovy 1 023
17%
Kravaře 789
17%
Kunratice 358
17%
Nová Ves nad Nisou 840
17%
Prysk 461
17%
Radčice 171
17%
Roprachtice 281
17%
Roztoky u Jilemnice 1 070
17%
Skalice u České Lípy 1 534
17%
Syřenov 227
17%
Víchová nad Jizerou 914
17%
Všelibice 601
17%
Zdislava 273
17%
Bohatice 231
14%
Chlum 250
14%
Chotyně 1 022
14%
Dětřichov 718
14%
Frýdštejn 848
14%
Háje nad Jizerou 680
14%
Horka u Staré Paky 234
14%
Janův Důl 170
14%
Jílové u Držkova 221
14%
Jiřetín pod Bukovou 445
14%
Klokočí 196
14%
Kruh 488
14%
Loužnice 230
14%
Maršovice 620
14%
Mříčná 580
14%
Nová Ves nad Popelkou 653
14%
Okna 314
14%
Okrouhlá 557
14%
Olešnice 208
14%
Paseky nad Jizerou 249
14%
Peřimov 273
14%
Polevsko 425
14%
Příkrý 250
14%
Provodín 739
14%
Radimovice 334
14%
Radostná pod Kozákovem 457
14%
Rakousy 99
14%
Skuhrov 593
14%
Slaná 664
14%
Stružinec 699
14%
Stružnice 984
14%
Svojkov 259
14%
Tachov 216
14%
Tuhaň 280
14%
Veselá 240
14%
Vlastiboř 115
14%
Volfartice 713
14%
Záhoří 492
14%
Žernov 231
14%
Zlatá Olešnice 494
14%
Blatce 110
10%
Bulovka 934
10%
Bystrá nad Jizerou 122
10%
Cetenov 115
10%
Čistá u Horek 579
10%
Čtveřín 564
10%
Dalešice 212
10%
Hlavice 228
10%
Janovice v Podještědí 92
10%
Jestřabí v Krkonoších 237
10%
Kozly 158
10%
Krásný Les 481
10%
Kunratice u Cvikova 638
10%
Kvítkov 228
10%
Levínská Olešnice 352
10%
Luka 90
10%
Martinice v Krkonoších 611
10%
Modřišice 449
10%
Nový Oldřichov 783
10%
Pertoltice pod Ralskem 413
10%
Pulečný 460
10%
Roztoky u Semil 109
10%
Skalka u Doks 159
10%
Slunečná 136
10%
Svojek 172
10%
Velký Valtinov 189
10%
Vlastibořice 346
10%
Vrchovany 105
10%
Všeň 609
10%
Žďárek 165
10%
Ždírec 123
10%
Bradlecká Lhota 238
7%
Bukovina u Čisté 208
7%
Chotovice 179
7%
Holenice 100
7%
Kacanovy 208
7%
Kobyly 376
7%
Paceřice 360
7%
Radvanec 244
7%
Soběslavice 171
7%
Velenice 162
7%
Lažany 218
3%
Loučky 160
3%
No matching quizzes found
Score Distribution
Percent of People with Each Score
Percentile by Number Answered
Your Score History
You have not taken this quiz